| 000 | 00871nam a2200241 a 4500 | ||
|---|---|---|---|
| 001 | BRCA_8115 | ||
| 005 | 20190320210134.0 | ||
| 008 | 090414s1964----fr-a###f##---#001-0#fre-# | ||
| 041 | _afre | ||
| 044 | _afr | ||
| 050 | 4 |
_aTS543 _b.P398 _c1964 |
|
| 245 | 1 | 0 |
_aLa pendule francaise _bdocumentation recueillie auprès de nos penduliers. |
| 260 |
_aParis _bTardy _c1964 |
||
| 300 |
_a3 v. (paginación variada) _bil. _c32 cm. |
||
| 500 | _aY169 | ||
| 500 | _aTres tomos inventariados como un sólo libro | ||
| 500 | _aMaterial inventariado por el Banco de México | ||
| 505 | 0 | _a1a. parte: De l´horloge gothique à la pendule Louis XV.-- 2a. parte: Du Louis XVI à nous jours.-- 3a. parte: Provinces et etrànger | |
| 650 | 1 | 4 |
_aRelojes franceses _vHistoria _920201 |
| 650 | 1 | 4 |
_aRelojes _vColeccionistas y colecciones _zFrancia _920202 |
| 902 | _aGFM | ||
| 942 |
_2lcc _cB |
||
| 999 |
_c7783 _d7783 |
||